书目信息 |
| 题名: |
常用英语词汇3000条
|
|
| 作者: | 张力 主编 ;任宇 , 徐红霞 , 詹华旺 副主编 | |
| 分册: | ||
| 出版信息: | 北京 中国水利水电出版社 2011.01 |
|
| 页数: | 284页 | |
| 开本: | 21cm | |
| 丛书名: | ||
| 单 册: | ||
| 中图分类: | H313 | |
| 科图分类: | ||
| 主题词: | 英语--ying yu--词汇 | |
| 电子资源: | ||
| ISBN: | 978-7-5084-8315-3 | |
| 000 | 01145nam0 2200289 450 | |
| 001 | B20110018070 | |
| 005 | 20110712132359.40 | |
| 010 | @a978-7-5084-8315-3@dCNY25.00 | |
| 100 | @a20110311d2011 km y0chiy50 ea | |
| 101 | 0 | @achi@aeng |
| 102 | @aCN@b110000 | |
| 105 | @aa z 000yy | |
| 106 | @ar | |
| 200 | 1 | @a常用英语词汇3000条@Achang yong ying yu ci hui3000 tiao@f主编张力@g副主编任宇, 徐红霞, 詹华旺 |
| 210 | @a北京@c中国水利水电出版社@d2011.01 | |
| 215 | @a284页@d21cm | |
| 330 | @a本书收录了约3000条词目,这些词条都是日常交流及学习生活中最常用的,而且是目前综合类英语词典里没有收录的,包括国家、城市、地形、地貌、地域、知名人物、著名机场、景点、知名品牌、世界名曲、名画及雕塑作品、名著、国际政治经济组织、体育赛事及体育相关组织等方面内容。同时本书对所收集的词汇都标注了音标,能够让读者一目了然,很容易地读出来。 | |
| 333 | @a适合英语爱好者 | |
| 586 | @a | |
| 606 | 0 | @a英语@Aying yu@x词汇 |
| 690 | @aH313@v5 | |
| 701 | 0 | @a张力@Azhang li@4主编 |
| 702 | 0 | @a任宇@Aren yu@4副主编 |
| 702 | 0 | @a徐红霞@Axu hong xia@4副主编 |
| 702 | 0 | @a詹华旺@Azhan hua wang@4副主编 |
| 801 | 0 | @aCN@c20110610 |
| 905 | @dH313@eZ1331@f3 | |
| 常用英语词汇3000条/主编张力/副主编任宇, 徐红霞, 詹华旺.-北京:中国水利水电出版社,2011.01 |
| 284页;21cm |
| 使用对象:适合英语爱好者 |
| ISBN 978-7-5084-8315-3:CNY25.00 |
| 本书收录了约3000条词目,这些词条都是日常交流及学习生活中最常用的,而且是目前综合类英语词典里没有收录的,包括国家、城市、地形、地貌、地域、知名人物、著名机场、景点、知名品牌、世界名曲、名画及雕塑作品、名著、国际政治经济组织、体育赛事及体育相关组织等方面内容。同时本书对所收集的词汇都标注了音标,能够让读者一目了然,很容易地读出来。 |
| ● |
| 相关链接 |
|
|
|
正题名:常用英语词汇3000条
索取号:H313/Z1331
 
预约/预借
| 序号 | 登录号 | 条形码 | 馆藏地/架位号 | 状态 | 备注 |
| 1 | 882338 | 208823380 | 语言库209/209语言库 104排9列5层/ [索取号:H313/Z1331] | 在馆 | |
| 2 | 882339 | 208823399 | 语言库209/209语言库 104排9列5层/ [索取号:H313/Z1331] | 在馆 | |
| 3 | 882340 | 208823406 | 语言库209/209语言库 104排9列5层/ [索取号:H313/Z1331] | 在馆 |